Robert Said What? Quiz Stats

Quiz Updated Feb 27, 2013

Also try: Famous Bobs
Challenge
Share
Tweet
Embed
Score 0/19 Timer 05:00
1 Play Today
% Correct
Frost
72.9%
Plant
70.9%
Pattinson
67.8%
De Niro
64.4%
Downey Jr.
63.8%
Oppenheimer, J.
62.5%
Redford
60.7%
E. Lee
59.9%
Zemeckis
57.2%
Duvall
57.2%
% Correct
Goulet
54.6%
F. Kennedy
51.6%
Louis Stevenson
49.8%
Mapplethorpe
46%
Burns
42.2%
Griffin III
41.3%
McNamara
33.3%
Baden-Powell
30.2%
Ludlum
20.7%

You're not logged in!

Compare scores with friends on all Sporcle quizzes.
Sign Up with Email
OR
Log In

You Might Also Like...

Show Comments

Extras

Top Quizzes Today


Score Distribution

Your Account Isn't Verified!

In order to create a playlist on Sporcle, you need to verify the email address you used during registration. Go to your Sporcle Settings to finish the process.